Statistics for 2019 NBA Draft

Click here to take the quiz!

General Stats

  • This quiz has been taken 177 times
  • The average score is 17 of 60

Answer Stats

#TeamPos.PlayerPre-NBA% Correct
1New Orleans PelicansPFZion WilliamsonDuke University
98%
2Memphis GrizzliesPGJa MorantMurray State University
97%
3New York KnicksSG/SFRJ BarrettDuke University
91%
5Cleveland CavaliersPGDarius GarlandVanderbilt University
81%
22Boston CelticsPFGrant WilliamsUniversity of Tennessee
69%
7Chicago BullsPGCoby WhiteUniversity of North Carolina
66%
13Miami HeatSGTyler HerroUniversity of Kentucky
66%
10Atlanta HawksSFCam ReddishDuke University
64%
4Los Angeles LakersSFDe'Andre HunterUniversity of Virginia
63%
11Minnesota TimberwolvesSF/PFCameron JohnsonUniversity of North Carolina
59%
29San Antonio SpursSFKeldon JohnsonUniversity of Kentucky
58%
9Washington WizardsPFRui HachimuraGonzaga University
53%
12Charlotte HornetsPFP.J. WashingtonUniversity of Kentucky
47%
28Golden State WarriorsSGJordan PooleUniversity of Michigan
44%
8Atlanta HawksCJaxson HayesUniversity of Texas
42%
6Phoenix SunsSGJarrett CulverTexas Tech University
40%
33Philadelphia 76ersPGCarsen EdwardsPurdue University
33%
14Boston CelticsSGRomeo LangfordUniversity of Indiana
33%
18Indiana PacersCGoga BitadzeMega Bemax (Georgia)
31%
31Brooklyn NetsPF/CNicolas ClaxtonUniversity of Georgia
27%
17Brooklyn NetsSGNickeil Alexander-WalkerVirginia Tech University
25%
25Portland Trail BlazersSFNassir LittleUniversity of North Carolina
23%
15Detroit PistonsPFSekou DoumbouyaLimoges CSP (France)
23%
21Oklahoma City ThunderPFBrandon ClarkeGonzaga University
22%
20Boston CelticsSG/SFMatisse ThybulleUniversity of Washington
22%
16Orlando MagicPFChuma OkekeAuburn University
21%
52Charlotte HornetsPFJalen McDanielsSan Diego State University
21%
24Philadelphia 76ersPGTy JeromeUniversity of Virginia
21%
44Miami HeatCBol BolUniversity of Oregon
20%
30Milwaukee BucksSGKevin Porter Jr.University of Southern California
20%
55New York KnicksPG/SGKyle GuyUniversity of Virginia
20%
36Charlotte HornetsSFCody MartinUniversity of Nevada
19%
19San Antonio SpursPFLuka SamanicOlimpija Ljubljana (Croatia)
19%
46Orlando MagicSGTalen Horton-TuckerIowa State University
19%
26Cleveland CavaliersSFDylan WindlerBelmont University
18%
48Los Angeles ClippersSFTerance MannFlorida State University
18%
34Philadelphia 76ersCBruno FernandoUniversity of Maryland
17%
23Utah JazzSFDarius BazleyPrinceton HS (Ohio)
17%
41Golden State WarriorsPFEric PaschallVillanova University
17%
38Chicago BullsCDaniel GaffordUniversity of Arkansas
14%
42Philadelphia 76ersSFAdmiral SchofieldUniversity of Tennessee
13%
51Boston CelticsPGTremont WatersLouisiana State University
12%
27Brooklyn NetsPF/CMfiondu KabengeleFlorida State University
11%
45Detroit PistonsSFIsaiah RobyUniversity of Nebraska
10%
57New Orleans PelicansPGJordan BoneUniversity of Tennessee
10%
40Sacramento KingsSGJustin JamesUniversity of Wyoming
10%
58Golden State WarriorsSGMiye OniYale University
10%
39New Orleans PelicansCAlen SmailagicSanta Cruz Warriors (G-League)
9%
59Toronto RaptorsPFDewan HernandezUniversity of Miami
9%
47Sacramento KingsSFIgnas BrazdeikisUniversity of Michigan
9%
56Los Angeles ClippersPGJaylen HandsUniversity of California - Los Angeles
9%
43Minnesota TimberwolvesSGJaylen NowellUniversity of Washington
9%
32Phoenix SunsSFKZ OkpalaStanford University
9%
54Philadelphia 76ersSGMarial ShayokIowa State University
8%
37Dallas MavericksSFDeividas SirvydisRytas Vilnius (Lithuania)
7%
49San Antonio SpursSGQuinndary WeatherspoonMississippi State University
7%
60Sacramento KingsSGVanja MarinkovicPartizan Belgrade (Serbia)
7%
35Atlanta HawksSFMarcos Louzada SilvaSesi/Franca (Brazil)
6%
50Indiana PacersPFJarrell BrantleyCollege of Charleston
5%
53Utah JazzPGJustin Wright-ForemanHofstra University
5%

Score Distribution

Percentile by Number Answered

Percent of People with Each Score

Your Score History

You have not taken this quiz